Sociology in India : (Record no. 533781)

000 -LEADER
fixed length control field 01183cam a2200337 i 4500
001 - CONTROL NUMBER
control field 24145743
003 - CONTROL NUMBER IDENTIFIER
control field DLC
005 - DATE AND TIME OF LATEST TRANSACTION
control field 20260623142837.0
007 - PHYSICAL DESCRIPTION FIXED FIELD--GENERAL INFORMATION
fixed length control field t|
008 - FIXED-LENGTH DATA ELEMENTS--GENERAL INFORMATION
fixed length control field 250409s2025 ii b 001 0 eng
010 ## - LIBRARY OF CONGRESS CONTROL NUMBER
LC control number 2025348764
020 ## - INTERNATIONAL STANDARD BOOK NUMBER
International Standard Book Number 9788131614143
Qualifying information hardback
025 ## - OVERSEAS ACQUISITION NUMBER
Overseas acquisition number I-E-2025348764; 69-92
037 ## - SOURCE OF ACQUISITION
Source of stock number/acquisition Library of Congress -- New Delhi Overseas Office
040 ## - CATALOGING SOURCE
Original cataloging agency DLC
Language of cataloging eng
Description conventions rda
Transcribing agency DLC
Modifying agency DLC
-- DLC-MRC
-- DLC
042 ## - AUTHENTICATION CODE
Authentication code lcode
-- pcc
043 ## - GEOGRAPHIC AREA CODE
Geographic area code a-ii---
050 00 - LIBRARY OF CONGRESS CALL NUMBER
Classification number HM477.I4
Item number J39 2025
082 ## - DEWEY DECIMAL CLASSIFICATION NUMBER
Classification number B1x54 J334
100 1# - MAIN ENTRY--PERSONAL NAME
Personal name Jayaram, N.,
Dates associated with a name 1950-
Relator term author
Relator code aut
-- http://id.loc.gov/vocabulary/relators/aut
9 (RLIN) 61303
240 10 - UNIFORM TITLE
Uniform title Works.
Form subheading Selections
245 10 - TITLE STATEMENT
Title Sociology in India :
Remainder of title the legacy of an uncertain transplant /
Statement of responsibility, etc N. Jayaram.
260 ## - PUBLICATION, DISTRIBUTION, ETC. (IMPRINT)
Place of publication, distribution, etc Jaipur
Name of publisher, distributor, etc Rawat
Date of publication, distribution, etc 2025
300 ## - PHYSICAL DESCRIPTION
Extent xiii, 383 pages
Dimensions 25 cm
500 ## - GENERAL NOTE
General note "Explorations in Indian sociology : collected works of N. Jayaram"
504 ## - BIBLIOGRAPHY, ETC. NOTE
Bibliography, etc Includes bibliographical references and index.
650 #0 - SUBJECT ADDED ENTRY--TOPICAL TERM
Topical term or geographic name as entry element Sociology
Geographic subdivision India
9 (RLIN) 61304
650 #0 - SUBJECT ADDED ENTRY--TOPICAL TERM
Topical term or geographic name as entry element Sociologists
Geographic subdivision India
9 (RLIN) 61305
906 ## - LOCAL DATA ELEMENT F, LDF (RLIN)
a 7
b cbc
c origode
d 3
e ncip
f 20
g y-gencatlg
955 ## - COPY-LEVEL INFORMATION (RLIN)
Book number/undivided call number, CCAL (RLIN) wd44 2025-04-09 to Selcom
Copy status, CST (RLIN) wd53 2026-04-02 to ASME
Holdings
Withdrawn status Lost status Source of classification or shelving scheme Damaged status Koha normalized classification for sorting Not for loan Permanent location Current location Shelving location Date acquired Full call number Barcode Date last seen Price effective from Koha item type
        B_1X54_J334   Indian Institute of Public Administration Indian Institute of Public Administration On Display 2026-06-23 B1x54 J334 89498 2026-06-23 2026-06-23 Book

Powered by Koha